Statistics for Longest and Shortest Non-Stop Routes Operated by Airbus A380

Click here to take the quiz!

General Stats

  • This quiz has been taken 652 times
  • The average score is 22 of 30

Answer Stats

Destination % Correct
Dubai
98%
Sydney
97%
London
97%
Los Angeles
93%
Singapore
93%
Paris
93%
Melbourne
92%
Seoul
90%
New York City
90%
Beijing
88%
Bangkok
88%
Frankfurt
87%
Hong Kong
84%
Shanghai
84%
Kuala Lumpur
84%
Tokyo
79%
Auckland
77%
Guangzhou
72%
Rome
65%
Brisbane
63%
Amsterdam
62%
Moscow
62%
Munich
59%
Toronto
56%
Osaka
48%
Barcelona
44%
Zurich
43%
Jeddah
36%
Shenzhen
34%
Port Louis
9%

Score Distribution

Percentile by Number Answered

Percent of People with Each Score

Your Score History

You have not taken this quiz